Путешествие к Арарату : (Record no. 104162)
[ view plain ]
| 000 -LEADER | |
|---|---|
| fixed length control field | 01568nam a2200301 u 4500 |
| 001 - CONTROL NUMBER | |
| control field | 000284291 |
| 003 - CONTROL NUMBER IDENTIFIER | |
| control field | AM-YeHGA |
| 005 - DATE AND TIME OF LATEST TRANSACTION | |
| control field | 20250618071851.0 |
| 008 - FIXED-LENGTH DATA ELEMENTS--GENERAL INFORMATION | |
| fixed length control field | 031117s2003 ||| r 000 0 rus d |
| 020 ## - INTERNATIONAL STANDARD BOOK NUMBER | |
| International Standard Book Number | 5850574808 |
| 040 ## - CATALOGING SOURCE | |
| Original cataloging agency | AM-YeHGA |
| 041 1# - LANGUAGE CODE | |
| Language code of text/sound track or separate title | rus |
| Language code of original | eng |
| 090 ## - LOCALLY ASSIGNED LC-TYPE CALL NUMBER (OCLC); LOCAL CALL NUMBER (RLIN) | |
| -- | 105483 |
| 100 1# - MAIN ENTRY--PERSONAL NAME | |
| Personal name | Առլեն, Մայքլ Կրտսեր, |
| Dates associated with a name | 1930- |
| 9 (RLIN) | 3108 |
| 245 10 - TITLE STATEMENT | |
| Title | Путешествие к Арарату : |
| Remainder of title | Роман-эссе / |
| Statement of responsibility, etc. | Майкл Арлен-младший; Пер. с англ. Арама Оганяна; Ил. Т. Арутюнян. |
| 260 ## - PUBLICATION, DISTRIBUTION, ETC. | |
| Place of publication, distribution, etc. | Рязань : |
| Name of publisher, distributor, etc. | Узорочье, |
| Date of publication, distribution, etc. | 2003. |
| 300 ## - PHYSICAL DESCRIPTION | |
| Extent | 198 с. : |
| Other physical details | ил. ; |
| Dimensions | 21 см. |
| 500 ## - GENERAL NOTE | |
| General note | Кн. издана при содействии проф., известного рос. геолога Г.А. Габриэлянца |
| 520 ## - SUMMARY, ETC. | |
| Summary, etc. | Данная книга была первоначально напечатана в журнале "Нью-Йоркер", после чего выдержала много изданий; ей присуждена Национальная книжная премия. |
| 650 14 - SUBJECT ADDED ENTRY--TOPICAL TERM | |
| Topical term or geographic name entry element | Художественная литература |
| Geographic subdivision | США |
| 650 14 - SUBJECT ADDED ENTRY--TOPICAL TERM | |
| Topical term or geographic name entry element | Художественная проза |
| 650 14 - SUBJECT ADDED ENTRY--TOPICAL TERM | |
| Topical term or geographic name entry element | Армяне |
| 653 0# - INDEX TERM--UNCONTROLLED | |
| Uncontrolled term | Американская литература |
| 650 14 - SUBJECT ADDED ENTRY--TOPICAL TERM | |
| Topical term or geographic name entry element | История армянского народа |
| 9 (RLIN) | 5523 |
| 653 0# - INDEX TERM--UNCONTROLLED | |
| Uncontrolled term | Произведения художественной литературы |
| 700 1# - ADDED ENTRY--PERSONAL NAME | |
| Personal name | Оганян, Арам |
| Relator term | пер. |
| Relationship | trl |
| 700 1# - ADDED ENTRY--PERSONAL NAME | |
| Personal name | Арутюнян, Т.Р. |
| Relator term | ил. |
| Relationship | ill |
| Withdrawn status | Lost status | Damaged status | Not for loan | Collection | Home library | Current library | Date acquired | Total checkouts | Full call number | Barcode | Date last seen | Price effective from | Koha item type | Public note |
|---|---|---|---|---|---|---|---|---|---|---|---|---|---|---|
| General | Fundamental Scientific Library | Fundamental Scientific Library | 22/12/2016 | 820.1 | 120649818 | 22/12/2016 | 22/12/2016 | Գրքեր / Books | 30 Days Loan | |||||
| General | Fundamental Scientific Library | Fundamental Scientific Library | 22/12/2016 | 820.1 | 120649819 | 22/12/2016 | 22/12/2016 | Գրքեր / Books | 30 Days Loan |
ՀՀ Գիտությունների ազգային ակադեմիայի հիմնարար գիտական գրադարան = Fundamental Scientific Library of NAS RA
All site content, except where otherwise noted, is licensed under a